000 00390nam a22001697a 4500
005 20160625122908.0
008 160625b xxu||||| |||| 00| 0 eng d
020 _a81-7473-029-X
041 _aeng
082 _b10201
100 _aPeordan, Pauley
_92777
245 _aReport Writing today
260 _bAITBS
_c2004
300 _a444
650 _aMass Communication
_92660
942 _cBK
999 _c4014
_d4013